MBA companion for use with Financial accounting, fifth edition : Robert Libby, Patricia A. Libby, Daniel G. Short (Record no. 70589)
[ view plain ]
| 000 -LEADER | |
|---|---|
| fixed length control field | 00494nam a22001697a 4500 |
| 003 - CONTROL NUMBER IDENTIFIER | |
| control field | NUST - PNEC |
| 005 - DATE AND TIME OF LATEST TRANSACTION | |
| control field | 20170116181143.0 |
| 008 - FIXED-LENGTH DATA ELEMENTS--GENERAL INFORMATION | |
| fixed length control field | 151008b xxu||||| |||| 00| 0 eng d |
| 020 ## - INTERNATIONAL STANDARD BOOK NUMBER | |
| International Standard Book Number | 0072931310 |
| 040 ## - CATALOGING SOURCE | |
| Transcribing agency | LIBRARY |
| 082 ## - DEWEY DECIMAL CLASSIFICATION NUMBER | |
| Classification number | 657 LIB |
| 100 ## - MAIN ENTRY--PERSONAL NAME | |
| 9 (RLIN) | 14829 |
| Personal name | Libby |
| 245 ## - TITLE STATEMENT | |
| Title | MBA companion for use with Financial accounting, fifth edition : Robert Libby, Patricia A. Libby, Daniel G. Short |
| Statement of responsibility, etc. | Robert libby |
| 250 ## - EDITION STATEMENT | |
| Edition statement | 5th ed |
| 650 ## - SUBJECT ADDED ENTRY--TOPICAL TERM | |
| 9 (RLIN) | 14832 |
| Topical term or geographic name entry element | Accounting |
| General subdivision | ME |
| 942 ## - ADDED ENTRY ELEMENTS (KOHA) | |
| Source of classification or shelving scheme | |
| Koha item type | Book |
| Withdrawn status | Lost status | Source of classification or shelving scheme | Damaged status | Not for loan | Permanent Location | Current Location | Shelving location | Date acquired | Total Checkouts | Full call number | Barcode | Date last seen | Price effective from | Koha item type |
|---|---|---|---|---|---|---|---|---|---|---|---|---|---|---|
| Pakistan Navy Engineering College (PNEC) | Pakistan Navy Engineering College (PNEC) | 657 LIB | PNECLIB-029763 | 10/08/2015 | Book |
